| 000 | 01011nam a22003257a 4500 | ||
|---|---|---|---|
| 001 | 0064911 | ||
| 003 | KOHA_MİRAKIL | ||
| 005 | 20260207004533.0 | ||
| 007 | ta | ||
| 008 | 191111b2019 tu |||gr||||#||||0|tur | | ||
| 020 | _a9786051980027 | ||
| 040 |
_aTR-BiSEU _btur _cTR-BiSEU _erda |
||
| 041 | 0 | _atur | |
| 044 | _ctu | ||
| 050 |
_aQB985.G35 _bE97 2019 |
||
| 100 | 1 | _aGalfard, Christophe. | |
| 245 | 1 |
_aEvren avucunda : _buzay, zaman ve ötesine yolculuk/ _cChristophe Galfard ; Christophe Galfard ; çeviri Duygu Akın ; editör Algan Sezgintüredi. |
|
| 250 | _a6. Baskı | ||
| 264 | 1 |
_aİstanbul : _bDomingo Yayınevi _c2019 |
|
| 300 |
_a376 sayfa ; _c26 cm. |
||
| 336 |
_ametin _btxt _2rdacontent |
||
| 337 |
_aaracısız _bn _2rdamedia |
||
| 338 |
_acilt _bnc _2rdacarrier |
||
| 500 | _aÖzgün yapıt adı : The Universe in Your Hand. | ||
| 650 | 0 |
_aKozmoloji. _91671 |
|
| 650 | 0 |
_aGezegenler. _9121029 |
|
| 650 | 0 |
_aCosmology. _98782 |
|
| 650 | 0 |
_aPlanets. _9121030 |
|
| 942 |
_2lcc _cBK |
||
| 999 |
_c65150 _d65150 |
||